| 000 | 00350nam a2200145Ia 4500 | ||
|---|---|---|---|
| 008 | 150201s2003 xx 000 0 und d | ||
| 082 |
_a617.63 _bO2003S |
||
| 100 | _aSCULLY,C.S. | ||
| 245 | _aOROFACIAL DISEASE | ||
| 250 | _a1ST | ||
| 260 |
_bCHURCHILL LIVINGSTONE _aEDINBURGH _c2003 |
||
| 300 | _a1-135 | ||
| 650 | _aORAL MEDICINE | ||
| 942 |
_2ddc _cBK |
||
| 999 |
_c3743 _d3743 |
||